000 00729nam a2200205Ia 4500
005 20260121110050.0
008 008 260114s9999 xx 000 0 hin d
020 _a9788132384205
037 _aEBOOK
040 _aCRL
_bhin
_cCRL
041 _ahin
_2hin
084 _qCRL
100 _aअजय बिस्वास / Ajay Biswas
_9941614
245 0 _aपदार्थ विज्ञान में उभरती प्रौद्योगिकियां / Padarth Vigyan mein Ubharti Prodyogikiyan
260 _bभाषा प्रकाशन / Bhasha Prakashan
_c2023
856 _uhttps://bhashaprakashan.com/product-details/437125
942 _cEBOOK
999 _c1533279
_d1533279